[Event "Eesti U16 (n)"]
[Site "Narva"]
[Date "2019.06.01"]
[Round "6.1"]
[White "Blohhin, Sofia"]
[Black "Levchenko, Marina"]
[Result "1-0"]
[WhiteElo "1915"]
[BlackElo "1704"]
[PlyCount "89"]
[EventDate "2019.05.30"]
[EventRounds "7"]
[EventCountry "EST"]
[SourceVersionDate "2019.11.23"]

1. e4 c5 2. Nf3 d6 3. d4 cxd4 4. Nxd4 Nf6 5. Nc3 a6 6. Be2 e6 7. Be3 Be7 8. Qd2
Nc6 9. O-O-O Qc7 10. f3 Nxd4 11. Qxd4 e5 12. Qd2 b5 13. a3 Bb7 14. g4 h6 15. h4
O-O-O 16. g5 hxg5 17. hxg5 Nh7 18. a4 b4 19. Nd5 Bxd5 20. Qxd5 Kb8 21. Bxa6
Bxg5 22. Qb5+ Ka8 23. Rhe1 Bxe3+ 24. Rxe3 Nf6 25. Qc4 Ne8 26. Rb3 Qxc4 27. Bxc4
f6 28. Rxb4 Rb8 29. Rxb8+ Kxb8 30. Bf7 Kc7 31. b4 Kd7 32. a5 Nc7 33. Bc4 Rb8
34. c3 Ra8 35. Kb2 Rb8 36. Ka3 Nb5+ 37. Bxb5+ Rxb5 38. c4 Rb8 39. c5 Ke7 40.
Rxd6 g5 41. Rd3 Rb7 42. Ka4 Rb8 43. a6 Ra8 44. Ka5 Ra7 45. Kb6 1-0

[Event "Eesti U16 (n)"]
[Site "Narva"]
[Date "2019.06.01"]
[Round "6.2"]
[White "Ivanova, Ksenja"]
[Black "Barkasheva, Sofia"]
[Result "0-1"]
[WhiteElo "1291"]
[BlackElo "1467"]
[PlyCount "50"]
[EventDate "2019.05.30"]
[EventRounds "7"]
[EventCountry "EST"]
[SourceVersionDate "2019.11.23"]

1. b4 e5 2. Bb2 Bxb4 3. Bxe5 Nf6 4. c3 Be7 5. Nf3 c6 6. d4 d5 7. e3 Nbd7 8. Bf4
Nh5 9. Bg3 Nxg3 10. fxg3 Nf6 11. c4 O-O 12. Be2 Ne4 13. Nc3 Nxc3 14. Qd3 Ne4
15. Qc2 Bb4+ 16. Kf1 Bf5 17. Qc1 Qf6 18. a3 Bc3 19. Ra2 Rfe8 20. a4 Rac8 21. a5
c5 22. Ra3 cxd4 23. exd4 Nd2+ 24. Nxd2 Bd3+ 25. Kg1 Bxd4# 0-1

[Event "Eesti U16 (n)"]
[Site "Narva"]
[Date "2019.06.01"]
[Round "6.3"]
[White "Aksjonova, Alisa"]
[Black "Smirnova, Jekaterina"]
[Result "0-1"]
[WhiteElo "1383"]
[BlackElo "1624"]
[PlyCount "50"]
[EventDate "2019.05.30"]
[EventRounds "7"]
[EventCountry "EST"]
[SourceVersionDate "2019.11.23"]

1. e4 c5 2. Nf3 Nc6 3. d4 cxd4 4. Nxd4 e5 5. Nxc6 bxc6 6. c4 d6 7. Nc3 Nf6 8.
Be2 Be6 9. Bg5 Be7 10. Bxf6 Bxf6 11. O-O O-O 12. f4 exf4 13. Rxf4 Qb6+ 14. Kh1
Qxb2 15. Qb3 Qxa1+ 16. Rf1 Qxc3 17. Qxc3 Bxc3 18. Rd1 Be5 19. Rc1 Rab8 20. g3
Bh3 21. Kg1 Bd4+ 22. Kh1 Rb7 23. Rd1 c5 24. Bd3 Rb2 25. a4 Bg2# 0-1

[Event "Eesti U16 (n)"]
[Site "Narva"]
[Date "2019.06.01"]
[Round "6.4"]
[White "Bitkova, Jelizaveta"]
[Black "Timofejeva, Juliana"]
[Result "1-0"]
[WhiteElo "1691"]
[BlackElo "1330"]
[PlyCount "89"]
[EventDate "2019.05.30"]
[EventRounds "7"]
[EventCountry "EST"]
[SourceVersionDate "2019.11.23"]

1. c4 e5 2. Nc3 Nc6 3. g3 Nf6 4. Bg2 Be7 5. e4 d6 6. Nf3 O-O 7. d3 h6 8. O-O
Be6 9. a3 Qd7 10. b4 Bg4 11. Be3 Nd4 12. Bxd4 exd4 13. Ne2 c5 14. Qc2 b6 15. e5
dxe5 16. Nxe5 Qf5 17. Nxg4 Qxg4 18. Bxa8 Rxa8 19. b5 Qh5 20. Nf4 Qg5 21. Rae1
Bd6 22. Ng2 Qh5 23. f3 Nd7 24. Qe2 Ne5 25. Qe4 Rb8 26. Nf4 Qg5 27. Rd1 f5 28.
Qd5+ Nf7 29. Ne6 Qe3+ 30. Kg2 Qe2+ 31. Kh1 Re8 32. Rfe1 Qb2 33. Qxf5 Qxa3 34.
Qg6 Bf8 35. Nxf8 Rxe1+ 36. Rxe1 Kxf8 37. Qe4 g5 38. Rf1 a5 39. f4 g4 40. f5 Nd6
41. Qf4 Ne8 42. Qxh6+ Ke7 43. f6+ Kf7 44. Qh7+ Ke6 45. Qe7# 1-0

[Event "Eesti U16 (n)"]
[Site "Narva"]
[Date "2019.06.01"]
[Round "6.5"]
[White "Jõerand, Jenna"]
[Black "Sild, Marta Pauliine"]
[Result "0-1"]
[WhiteElo "1581"]
[BlackElo "1687"]
[PlyCount "86"]
[EventDate "2019.05.30"]
[EventRounds "7"]
[EventCountry "EST"]
[SourceVersionDate "2019.11.23"]

1. e4 e5 2. f4 Bc5 3. Nf3 d6 4. Nc3 Nc6 5. Bb5 Nge7 6. fxe5 dxe5 7. Nxe5 O-O 8.
Nxc6 Nxc6 9. d3 Ne5 10. Bf4 Ng4 11. Rf1 Ne3 12. Bxe3 Bxe3 13. Qf3 Qg5 14. Bc4
Bd2+ 15. Kf2 Bg4 16. Qg3 Bf4 17. h4 Bxg3+ 18. Kxg3 Qg6 19. Rf2 Be6+ 20. Kh2
Bxc4 21. dxc4 Rae8 22. Re1 Re6 23. Nd5 Qh6 24. g3 c6 25. Nf4 Re5 26. Nd3 Rg5
27. Kg2 Qxh4 28. Rf3 Re8 29. e5 Qxc4 30. Re2 h5 31. Rf4 Qd5+ 32. Kh2 Rg4 33.
Rf5 g6 34. Rf1 h4 35. gxh4 Rxh4+ 36. Kg3 Qc4 37. Kf2 Rh2+ 38. Ke1 Rxe2+ 39.
Kxe2 Qxc2+ 40. Ke3 Rd8 41. Ne1 Qd2+ 42. Kf3 Re8 43. Kg4 Qe2+ 0-1

[Event "Eesti U16 (n)"]
[Site "Narva"]
[Date "2019.06.02"]
[Round "7.1"]
[White "Timofejeva, Juliana"]
[Black "Blohhin, Sofia"]
[Result "0-1"]
[WhiteElo "1330"]
[BlackElo "1915"]
[PlyCount "58"]
[EventDate "2019.05.30"]
[EventRounds "7"]
[EventCountry "EST"]
[SourceVersionDate "2019.11.23"]

1. e4 c5 2. Nc3 e6 3. Nf3 Nf6 4. Be2 Nc6 5. d3 Be7 6. O-O O-O 7. h3 a6 8. Bd2
b5 9. a3 Bb7 10. Re1 d6 11. b3 Rc8 12. a4 b4 13. Na2 Qc7 14. c4 Rfd8 15. Be3
Na5 16. Rb1 d5 17. exd5 exd5 18. cxd5 Bxd5 19. Rc1 Bxb3 20. Rxc5 Bxc5 21. Qb1
Bxe3 22. fxe3 Nd5 23. e4 Nc3 24. Nxc3 bxc3 25. Rc1 Bxa4 26. Ne1 Nb3 27. Bg4 Rb8
28. Qc2 Nxc1 29. Qxc1 c2 0-1

[Event "Eesti U16 (n)"]
[Site "Narva"]
[Date "2019.06.02"]
[Round "7.2"]
[White "Smirnova, Jekaterina"]
[Black "Barkasheva, Sofia"]
[Result "1/2-1/2"]
[WhiteElo "1624"]
[BlackElo "1467"]
[PlyCount "80"]
[EventDate "2019.05.30"]
[EventRounds "7"]
[EventCountry "EST"]
[SourceVersionDate "2019.11.23"]

1. c4 Nf6 2. Nc3 g6 3. Nf3 Bg7 4. d3 d6 5. e4 O-O 6. Be2 Bg4 7. Be3 Nc6 8. O-O
Bxf3 9. Bxf3 Nd7 10. Be2 Nd4 11. Rb1 a5 12. a3 e6 13. Kh1 f5 14. exf5 exf5 15.
Bxd4 Bxd4 16. Nb5 Bg7 17. Bf3 Rb8 18. Qd2 Ne5 19. Be2 c6 20. Nd4 Re8 21. Nf3
Nxf3 22. Bxf3 Bf6 23. Rfe1 Qc7 24. h3 Bd4 25. Re2 Rxe2 26. Qxe2 Qd7 27. Re1 Qf7
28. Qd2 Re8 29. Rxe8+ Qxe8 30. Qxa5 Bxf2 31. Qb4 Bg3 32. Qd2 Kf7 33. Kg1 Qe1+
34. Qxe1 Bxe1 35. Kf1 Ba5 36. Ke2 Bb6 37. b4 Ke7 38. b5 Kd7 39. a4 Kc7 40. Kd2
h6 1/2-1/2

[Event "Eesti U16 (n)"]
[Site "Narva"]
[Date "2019.06.02"]
[Round "7.3"]
[White "Sild, Marta Pauliine"]
[Black "Bitkova, Jelizaveta"]
[Result "1/2-1/2"]
[WhiteElo "1687"]
[BlackElo "1691"]
[PlyCount "79"]
[EventDate "2019.05.30"]
[EventRounds "7"]
[EventCountry "EST"]
[SourceVersionDate "2019.11.23"]

1. e4 c5 2. Nf3 Nc6 3. Bb5 e6 4. O-O a6 5. Bxc6 bxc6 6. Re1 Nf6 7. c3 d5 8. e5
Nd7 9. d4 cxd4 10. cxd4 c5 11. Nc3 cxd4 12. Nxd4 Bb7 13. a3 Qc7 14. Bf4 Nb6 15.
Rc1 Qd7 16. Bg3 Nc4 17. Qe2 Bc5 18. Red1 Rc8 19. Nb1 a5 20. h3 O-O 21. Nf3 a4
22. Nc3 Ba6 23. Qc2 Nb6 24. Ng5 g6 25. Qb1 Qe7 26. Nf3 Qa7 27. Rc2 Bc4 28. Rdd2
Qa6 29. Qe1 Bb3 30. Rc1 Nc4 31. Re2 Nxb2 32. Qd2 Nc4 33. Qh6 Be7 34. Bh4 Bxh4
35. Qxh4 Kg7 36. Qf6+ Kg8 37. Qh4 Kg7 38. Qf6+ Kg8 39. Qh4 Kg7 40. Qf6+ 1/2-1/2

[Event "Eesti U16 (n)"]
[Site "Narva"]
[Date "2019.06.02"]
[Round "7.4"]
[White "Levchenko, Marina"]
[Black "Ivanova, Ksenja"]
[Result "1-0"]
[WhiteElo "1704"]
[BlackElo "1291"]
[PlyCount "71"]
[EventDate "2019.05.30"]
[EventRounds "7"]
[EventCountry "EST"]
[SourceVersionDate "2019.11.23"]

1. c4 c5 2. Nf3 Nc6 3. Nc3 Nf6 4. e3 d5 5. cxd5 Nxd5 6. Bb5 Bd7 7. Nxd5 Nb4 8.
Bxd7+ Qxd7 9. Nxb4 cxb4 10. O-O Qc7 11. Qa4+ Qc6 12. Qxc6+ bxc6 13. d4 e6 14.
Bd2 c5 15. dxc5 Bxc5 16. Rac1 Be7 17. Nd4 O-O 18. Nc6 Bf6 19. Bxb4 Rfe8 20. Bc3
Bxc3 21. Rxc3 Rac8 22. Ne7+ Kf8 23. Rxc8 Rxc8 24. Nxc8 a5 25. Rd1 Ke8 26. a3 a4
27. Nb6 f5 28. Rd7 Kf8 29. Nxa4 h5 30. Nc5 e5 31. b4 f4 32. b5 fxe3 33. fxe3 g5
34. b6 h4 35. b7 h3 36. b8=Q# 1-0

[Event "Eesti U16 (n)"]
[Site "Narva"]
[Date "2019.06.02"]
[Round "7.5"]
[White "Jõerand, Jenna"]
[Black "Aksjonova, Alisa"]
[Result "1-0"]
[WhiteElo "1581"]
[BlackElo "1383"]
[PlyCount "47"]
[EventDate "2019.05.30"]
[EventRounds "7"]
[EventCountry "EST"]
[SourceVersionDate "2019.11.23"]

1. e4 e5 2. f4 exf4 3. Nf3 Ne7 4. d4 Ng6 5. h4 h5 6. Nc3 Bb4 7. Bd2 Bxc3 8.
Bxc3 d5 9. e5 Bg4 10. Be2 O-O 11. Qd2 Re8 12. O-O-O Bxf3 13. Bxf3 c6 14. Bxh5
Rf8 15. Bb4 Ne7 16. Qxf4 g6 17. Qg5 Re8 18. Bg4 a5 19. Bd6 Nd7 20. e6 fxe6 21.
Bxe6+ Kg7 22. h5 Nf8 23. Be5+ Kh7 24. hxg6# 1-0